000 00686nam a2200229Ia 4500
999 _c49272
_d49272
001 16187
003 GE_BSU
005 20221129104000.0
008 181216s2008||||enk|||||||||||||| ||eng||
020 _a9780061438295x
040 _cGE_BSU
041 _aeng
080 _a153.6/9 N-31
100 _aNavarro, Joe
_916186
245 _aWhat Every Body is Saying:
_b An Ex-FBI Agent's Guide to Speed-Reading People /
_cNavarro Joe, Karlins Marvin.
250 _afirst edition
264 _aNew York :
_bCollins Publishers,
_c2008.
300 _a250 p.;
_b24 cm.
653 _aფსიქოლოგია
700 _aMarvin, Karlins
_eავტორი
_916187
942 _cBK
_2udc